Makroekonomické prejavy a dôsledky inflácie a deflácie diplomová práca

Uložené v:
Podrobná bibliografia
Hlavný autor: Kristóf, Patrik
Korporativný autor: Národohospodárska fakulta EU. Katedra ekonómie
Ďalší autori: Novák, Marcel, 1979-
Médium: Kniha
Jazyk:Slovak
Vydavateľské údaje: Bratislava 2016
Tagy: Pridať tag
Žiadne tagy, Buďte prvý, kto otaguje tento záznam!

MARC

LEADER 00000nbm a2200000 4500
001 0217921
005 20161108124829.3
041 0 |a slo 
044 |a SK 
245 1 0 |a Makroekonomické prejavy a dôsledky inflácie a deflácie  |b diplomová práca  |c Patrik Kristóf ; školiteľ: Marcel Novák 
264 1 |a Bratislava  |c 2016 
300 |a 83 s. 
100 1 |a Kristóf, Patrik 
700 1 |a Novák, Marcel, 1979- 
710 2 |a Národohospodárska fakulta EU. Katedra ekonómie